000 00283nam a22001337a 4500
008 170130b xxu||||| |||| 00| 0 eng d
020 _a0918082064
041 _aeng
080 _26TH
_a61
100 _a3
101 _aSHMI
245 _aMATH FOR MEDS
_cCURREN, A.M
942 _2udc
_cBK
999 _c4021
_d4021